Začínáme na burze : jak uspět při obchodování na finančních trzích : akcie, komodity, forex, kryptoměny, akciové indexy a ETF /
Příručka poskytuje potřebné informace o obchodování a investování na finančních trzích.
Uloženo v:
| Hlavní autor: | |
|---|---|
| Korporativní autor: | |
| Médium: | E-kniha |
| Jazyk: | Czech |
| Vydáno: |
V Brně :
BizBooks,
2023
|
| Vydání: | Přepracované a rozšířené vydání |
| Témata: | |
| Tagy: |
Žádné tagy |
| LEADER | 02667nam a2200565 i 4500 | ||
|---|---|---|---|
| 001 | 311913 | ||
| 003 | CZ PrSKC | ||
| 005 | 20260601215714.0 | ||
| 007 | ta | ||
| 008 | 230407s2023 xr a e f 000 0 cze | ||
| 015 | |a cnb003510852 | ||
| 020 | |a 9788026511359 |q (brožováno) : |c Kč 399,00 | ||
| 035 | |a (OCoLC)1381701941 | ||
| 040 | |a BOA001 |b cze |d ABA001 |d OLA001 |e rda | ||
| 072 | 7 | |a 336.7 |x Finance |2 Konspekt | |
| 080 | |a 336.761 |2 MRF | ||
| 080 | |a 336.764/.768 |2 MRF | ||
| 080 | |a 336.76 |2 MRF | ||
| 080 | |a 336.76:303.7 |2 MRF | ||
| 080 | |a (0.062) |2 MRF | ||
| 100 | 1 | |a Hartman, Ondřej |7 mzk2009491962 |4 aut | |
| 245 | 1 | 0 | |a Začínáme na burze : |b jak uspět při obchodování na finančních trzích : akcie, komodity, forex, kryptoměny, akciové indexy a ETF / |c Ondřej Hartman a tým FXstreet.cz |
| 246 | 3 | 0 | |a Jak uspět při obchodování na finančních trzích |
| 250 | |a Přepracované a rozšířené vydání | ||
| 264 | 1 | |a V Brně : |b BizBooks, |c 2023 | |
| 300 | |a 285 stran : |b ilustrace ; |c 21 cm | ||
| 336 | |a text |b txt |2 rdacontent | ||
| 337 | |a bez média |b n |2 rdamedia | ||
| 338 | |a svazek |b nc |2 rdacarrier | ||
| 500 | |a V tiráži uvedeno: 3. vydání | ||
| 500 | |a Terminologický slovník | ||
| 504 | |a Obsahuje bibliografické odkazy | ||
| 520 | 2 | |a Příručka poskytuje potřebné informace o obchodování a investování na finančních trzích. |b V rozšířeném vydání najdete nové kapitoly a informace o akciových indexech, ETF a dokonce o kryptoměnách (například o bitcoinu) či zcela novou sekc osvětlující, jak přesně danit zisky z burzy. Nakladatelská anotace. Kráceno. | |
| 650 | 0 | 7 | |a burzy cenných papírů |7 ph134669 |2 czenas |
| 650 | 0 | 7 | |a obchodování s cennými papíry |7 ph138701 |2 czenas |
| 650 | 0 | 7 | |a finanční investování |7 ph137283 |2 czenas |
| 650 | 0 | 7 | |a technická analýza |7 ph777164 |2 czenas |
| 650 | 0 | 9 | |a stock exchanges |2 eczenas |
| 650 | 0 | 9 | |a securities trading |2 eczenas |
| 650 | 0 | 9 | |a financial investments |2 eczenas |
| 650 | 0 | 9 | |a technical analysis |2 eczenas |
| 655 | 7 | |a populárně-naučné publikace |7 fd131864 |2 czenas | |
| 655 | 9 | |a popular works |2 eczenas | |
| 710 | 2 | |a FXstreet (firma) |7 mzk2013795273 |4 aut | |
| 900 | |a ABA001 |b 19 | ||
| 928 | 9 | |a Albatros Media - BizBooks | |
| 044 | |a xr | ||
| 910 | |a RBIT002 | ||
| 998 | |d 373898 |a https://core.palmknihy.cz/api/books/373898/cover?si78ye |b https://core.palmknihy.cz/api/books/373898/cover/400?si78ye |c https://core.palmknihy.cz/api/books/373898/cover/50?si78ye |e 2050-12-31 |g 288 |i 9788026511359 |k https://core.palmknihy.cz/api/books/373898/preview.pdf |l |q 49 |r 1 |s https://www.palmknihy.cz/kniha/373898 |t ebook |y 2023 |z 0 | ||
| 999 | |d 311911 | ||